00503 2200181 4500245006400000020002200064250001100086100002000097700001800117700002600135650002500161005001900186260005700205041001400262084001000276300002600286336000900312 aE.C. George Sudarshan Pecinta FisikacAnanya DaaguptahText a978-623-472-337-3 aCet. 1 aAnanya Daagupta aSiddhi Vartak aFaiz Akbar Lekaananda aBiografi Ahli Fisika a20240930133823 aJakartabKementerian Pendidikan dan Kebudayaanc2021 aIndonesia a925,3 a24 hlm :c22,9 cm pdf atext